| 000 | 00635nam a22001817a 4500 | ||
|---|---|---|---|
| 005 | 20251108164748.0 | ||
| 008 | 250721s1994 xx 000 0 ara d | ||
| 082 | 1 | 4 | _a615.89/غزا |
| 100 | 1 | _aالغزالي، محمد عبد الله | |
| 245 | 1 | 0 |
_aالطب العربي : _bالمسمى الدره البهية في منافع الأبدان الإنسانية : هو مختصر مفردات الطبيب إبن البيطار / |
| 264 | _c1994. | ||
| 300 | _a250ص | ||
| 650 | 1 | 7 | _aالنباتات الطبية |
| 650 | 1 | 7 | _aالطب الشعبي |
| 650 | 1 | 7 | _aالطب العربي |
| 942 |
_2ddc _cBK |
||
| 999 |
_c13751 _d13751 |
||